00764nam a2200229 a 450000100100000000500170001000800410002702000150006804000250008308200170010810000200012524000300014524500820017526000410025730000210029850000790031953400370039865000170043565000100045265000410046270000310050300002362020240506193024.0101215s1993 sp r 000 0 spa d a8486344166 aDO-SdBNPbspacBNPHU a641.1bD537a1 aDiamond, Harvey10aFit for life.lEspañol.10aLa antidieta /cHarvey y Marilyn Diamond ; traducción, Marta I. Guastavino. aBarcelona, España :bUrano,c1993. a245 p. ;c22 cm. aIncluye datos biográficos del autor en la solapa y en la contracubierta. aTítulo original:tFit for life 0aNutrición  4aDieta 4aNutriciónxAspectos psicológicos1 aGuastavino, Marta I.,etr.